Las tierras del Mayathan : procesos culturales, interrelaciones e intercambios a lo largo del tiempo /

In this work, studies of the Maya culture of the Northern Lowlands are combined across time and space, from the pre-Hispanic era to the present. It contains studies of archaeology, social anthropology, ethnohistory, calendars, astronomy, mural painting and pre-Hispanic codices. Research is addressed...

Full description

Bibliographic Details
Other Authors: Barrera, Alfredo (Editor), Gubler, Ruth (Editor)
Format: Book
Language:Spanish
Published: Oxford, UK : BAR Publishing, [2025].
Series:BAR international series ; 3237.
BAR international series. Archaeology of the Maya ; volume 15.
Subjects:

MARC

Tag First Indicator Second Indicator Subfields
LEADER 00000cam a2200000 i 4500
001 in00005779913
005 20260506153409.1
008 251114t20252025enkabe b 000 e spa d
010 |a  2025465758 
040 |a DLC  |e rda  |c DLC  |d TXA 
020 |a 1407361813 
020 |a 9781407361819  |q (set) 
020 |a 9781407363882  |q (paperback :  |q v. 1) 
020 |a 1407363883 
020 |a 9781407363899  |q (paperback :  |q v. 2) 
020 |a 1407363891 
035 |a (OCoLC)1550789942 
043 |a cl----- 
050 0 0 |a F1435  |b .T564 2025 
082 0 0 |a 972.0820924  |2 23/eng/20251209 
245 0 4 |a Las tierras del Mayathan :  |b procesos culturales, interrelaciones e intercambios a lo largo del tiempo /  |c editado por Alfredo Barrera y Ruth Gubler. 
264 1 |a Oxford, UK :  |b BAR Publishing,  |c [2025]. 
264 4 |c ©2025. 
300 |a 2 volumes (xiii, 527 pages) :  |b illustrations (some color), maps, plans ;  |c 30 cm. 
336 |a text  |b txt  |2 rdacontent 
336 |a still image  |b sti  |2 rdacontent 
336 |a cartographic image  |b cri  |2 rdacontent 
337 |a unmediated  |b n  |2 rdamedia 
338 |a volume  |b nc  |2 rdacarrier 
490 1 |a BAR international series ;  |v 3237 (i)-(ii) 
490 1 |a Archaeology of the Maya ;  |v volume 15 
504 |a Includes bibliographical references. 
520 |a In this work, studies of the Maya culture of the Northern Lowlands are combined across time and space, from the pre-Hispanic era to the present. It contains studies of archaeology, social anthropology, ethnohistory, calendars, astronomy, mural painting and pre-Hispanic codices. Research is addressed regarding the interrelationships between the Maya area and Teotihuacán, archaeological studies carried out in northwest Yucatán, focusing on architecture, settlement patterns, artifacts and mural painting, in T'hó (Mérida), Dzibilchaltún, Chunchucmil, Sihó and Mayapán. In the Puuc region, the search for the origin and antiquity of the Maya civilization stands out, along with studies conducted in Yaxuná, Chichén Itzá, Kulubá, Xuenkal and Ekbalam. It contains essays on calendrical systems, codices, herbal medicine and symbolic territoriality. Without a doubt, this is an important contribution to Maya studies. 
650 0 |a Mayas  |x Civilization  |x History. 
650 0 |a Mayas  |x Antiquities. 
650 0 |a Archaeology  |z Latin America. 
650 0 |a Excavations (Archaeology)  |z Latin America. 
650 0 |a Mayas  |x Civilization. 
700 1 |a Barrera, Alfredo,  |e editor. 
700 1 |a Gubler, Ruth,  |e editor. 
830 0 |a BAR international series ;  |v 3237. 
830 0 |a BAR international series.  |p Archaeology of the Maya ;  |v volume 15. 
948 |a dmitchel 5/4/26 10.30.20 
994 |a Z0  |b TXA 
999 f f |i 786fdf19-33f1-4a72-b1b4-8c9d04e08e25  |s 7313469c-297c-4c95-af37-c7d48fb35f1d  |t 0 
952 f f |p newbook  |a Texas A&M University  |b College Station  |c Sterling C. Evans Library  |s Evans nbs  |d Evans: New Book Shelves (1st floor)  |t 0  |e F1435 .T564 2025  |h Library of Congress classification  |i unmediated -- volume  |k pt.1  |m A14852408914 
952 f f |p newbook  |a Texas A&M University  |b College Station  |c Sterling C. Evans Library  |s Evans nbs  |d Evans: New Book Shelves (1st floor)  |t 0  |e F1435 .T564 2025  |h Library of Congress classification  |i unmediated -- volume  |k pt.2  |m A14852408922 
998 f f |a F1435 .T564 2025  |t 0  |l Evans: Library Stacks